000 00689nam a2200229 u 4500
005 20240228064002.0
008 090401s1998 es r 000 0 spa d
020 _a8426132251
035 _aUPN01000170207
049 _aI
050 4 _aPZ34.9
_bL6.2
100 1 _aLobe, Mira
245 1 3 _aLa abuelita en el manzano /
_cMira Lobe ; il. Susi Weigel ; tr. Ma. Carmen Pascual.
260 _aBarcelona, Esp. :
_bJuventud,
_c1998.
300 _a119 p.
440 0 _aJuventud
534 _pTítulo original:
_tDie omama im apfelbaum
650 0 _aLiteratura infantil alemana
_99171
650 4 _aLibros y lectura para niños
_92290
700 1 _aWeigel, Susi,
_eil.
905 _aInfantil
999 _c142313
_d142313